000 00536nam a2200181Ia 4500
999 _c31850
_d31850
003 OSt
005 20200805125352.0
008 190216s9999||||xx |||||||||||||| ||und||
040 _coclc
082 _a519.5
_bJOS/S
100 _aJoseph, K X
_9761
245 0 _aSubsidiary Statistics :
_b For First Year Bsc /
_cK X Joseph
250 _a1st Ed.
260 _bCalicut University Central Co-Operative,
_c2001.
_aCalicut:
300 _a463p
650 _aStatistics
942 _cBK
_2ddc
_h519.5
_iJOS/S
_k519.5
_mJOS/S